01133nam a22002537a 4500003000800000008004100008037000800049039004200057040003500099041000800134080001000142100003700152245012200189260008900311300002400400502011700424650007700541655001800618700003500636710005400671942001300725999001700738952012400755BI-BuBU260623b2025 bd fr|||| 000 0 fre d bdon a20260623124008.0bJoella Nshimirimana aBI-BuBUbfrecBI-BuBUdBI-BuBU0 afre a394.90 4aut.aNdayikengurukiye, Alphonse14aLes relations burundo-libyennes sous la 2è republique c Alphonse Ndayikengurukiye ; christine Deslaurier,directeur aBujumburabUniversité du Burundi, Faculté des lettres et Sciences humainesc2024 aXIII-150 f.c30 cm. aMemoire présenté et défendu publiquement en vue d'obtention du grade de master en histoire et patrimoine 72BI-BuBUaRelations internationalesxBurundo-Libyennesx2è République 72BI-BuBUabook1 4dir.aDeslaurier ; christine  4aut.a Faculté des lettres et Sciences humaines 2udccMEM c54074d54074 00102udc4070985938aBCbBCd2026-06-23edon de l'auteurl0o394.9 NDAY.p5010000673185r2026-06-23w2026-06-23yMEM